00737nam a22002291 4500001000400000003000800004005001700012008003900029035001700068035001800085040004300103041000800146082002500154100003300179245010900212260005100321300003100372490002000403504002900423650002800452650002700480453BD-RjUL20211208233200.0131130r19691964enka b 000 0 eng a(BD-RjUL)470 a(OCoLC)285168 aDLCcOAUdOCoLCdUkdDLCdBD-RjULbeng aeng 221a025.32bNEO 19691 aNeedham, Christopher Donald.10aOrganizing knowledge in libraries :ban introduction to classification and cataloguing /cC. D. Needham. aLondon :bA. Deutsch,c c1964 [Impression1969] a259 p. :billus. ;c23 cm.0 aA Grafton book. aIncludes bibliographies. 0aDescriptive cataloging  0aClassificationxBooks.